书目信息 |
| 题名: |
粒子物理和场论
|
|
| 作者: | 李政道 著 ;汤拒非 译 | |
| 分册: | ||
| 出版信息: | 济南 山东科学技术出版社 1996 |
|
| 页数: | 507页 | |
| 开本: | 26cm | |
| 丛书名: | ||
| 单 册: | ||
| 中图分类: | O572.2 | |
| 科图分类: | ||
| 主题词: | 核物理学 , 高能物理学 | |
| 电子资源: | ||
| ISBN: | 7-5331-1381-0 | |
| 000 | 00663nam0 2200229 45 | |
| 001 | 0306041078 | |
| 005 | 20031219104110.7 | |
| 010 | @a7-5331-1381-0@b精装@dCNY68.00 | |
| 100 | @a20030604d1996 km y0chiy0120 ea | |
| 101 | 0 | @achi@ceng |
| 105 | @a z 001yy | |
| 200 | 1 | @a粒子物理和场论@ALi Zi Wu Li He Chang Lun@f(美)李政道著@F(Mei)Li Zheng Dao Zhu@g汤拒非等译 |
| 210 | @a济南@c山东科学技术出版社@d1996 | |
| 215 | @a507页@d26cm | |
| 320 | @a书末附索引. | |
| 606 | 0 | @a核物理学 |
| 606 | 0 | @a高能物理学 |
| 690 | @aO572.2@v4 | |
| 701 | 0 | @a李政道@4著 |
| 702 | 0 | @a汤拒非@ATang Ju Fei@4译 |
| 801 | @aCN@bTSTC@c20030604 | |
| 905 | @b323746-750@dO572.2@e15@f5 | |
| 粒子物理和场论/(美)李政道著/汤拒非等译.-济南:山东科学技术出版社,1996 |
| 507页;26cm |
| ISBN 7-5331-1381-0(精装):CNY68.00 |
| ● |
| 相关链接 |
|
|
|
|
正题名:粒子物理和场论
索取号:O572.2/15
 
预约/预借
| 序号 | 登录号 | 条形码 | 馆藏地/架位号 | 状态 | 备注 |
| 1 | 0323746 | 203237461 | 第三借阅区/ [索取号:O572.2/15] | 在馆 | |
| 2 | 0323747 | 203237470 | 第三借阅区/ [索取号:O572.2/15] | 在馆 | |
| 3 | 0323748 | 203237489 | 第三借阅区/ [索取号:O572.2/15] | 在馆 | |
| 4 | 0323749 | 203237498 | 第三借阅区/ [索取号:O572.2/15] | 在馆 | |
| 5 | 0323750 | 203237504 | 第二样本阅览室/ [索取号:O572.2/15] | 在馆 |